|
|
|
|
| LEADER |
00771nam a2200301 4500 |
| 001 |
DLU070058336 |
| 005 |
##20070125 |
| 040 |
# |
# |
|a DLU
|b vie
|
| 041 |
# |
# |
|a vie
|
| 044 |
# |
# |
|a vn
|
| 082 |
# |
# |
|a 808.882
|b Gia
|
| 245 |
# |
# |
|a Giai thoại về Trạng Quỳnh /
|c Song Thiên sưu tầm & giới thiệu
|
| 260 |
# |
# |
|a H. :
|b Thanh niên,
|c 2005.
|
| 300 |
# |
# |
|a 216 tr. ;
|c 18 cm.
|
| 653 |
# |
# |
|a Nhân vật văn học.
|
| 653 |
# |
# |
|a Sưu tập văn học.
|
| 653 |
# |
# |
|a Văn học dân gian.
|
| 700 |
# |
# |
|a Song Thiên,
|e sưu tầm & giới thiệu
|
| 923 |
# |
# |
|a 32/2006
|
| 992 |
# |
# |
|a 12.500
|
| 994 |
# |
# |
|a DLU
|
| 900 |
# |
# |
|a True
|
| 911 |
# |
# |
|a Đào Thị Thu Huyền
|
| 925 |
# |
# |
|a G
|
| 926 |
# |
# |
|a A
|
| 927 |
# |
# |
|a SH
|
| 980 |
# |
# |
|a Thư viện Trường Đại học Đà Lạt
|